Albums studios d'Aya Nakamura - Statistiques

Statistiques générales
  • Ce quiz a été pris 20 fois
  • Le résultat moyen est 5 sur 5
Statistiques - réponses
Année Album % Correct
2017 Journal intime
100%
2020 Aya
94%
2023 DNK
89%
2018 Nakamura
89%
2025 Destinée
83%
Aucun quiz correspondant
Distribution des résultats
% des personnes avec chaque résultat
Percentile par nombre de réponses
Votre historique - résultats
Vous n’avez pas pris ce quiz